Jancsó-emlékünnepély az orvosegyetemen
Elmentve itt :
| Dokumentumtípus: | Cikk |
|---|---|
| Megjelent: |
1983-04-27
|
| Sorozat: | Délmagyarország
73 No. 98 |
| Kulcsszavak: | Jancsó Miklós |
| Online Access: | http://dmarchiv.bibl.u-szeged.hu/94986 |
| LEADER | 00412nab a2200145 i 4500 | ||
|---|---|---|---|
| 001 | delm94986 | ||
| 005 | 20190628085034.0 | ||
| 008 | 190628s1983 hu o 0|| hun d | ||
| 040 | |a SZTE Délmagyarország Archívum |b hun | ||
| 041 | |a hun | ||
| 245 | 0 | 0 | |a Jancsó-emlékünnepély az orvosegyetemen |h [elektronikus dokumentum] |
| 260 | |c 1983-04-27 | ||
| 300 | |a 5 | ||
| 490 | 0 | |a Délmagyarország |v 73 No. 98 | |
| 695 | |a Jancsó Miklós | ||